000 00387cam a2200133 a 4500
020 _a1558504206 :
_c$12.95
050 0 0 _aHD8038.A1
_bH37 1994
100 1 _aHarding, Ford.
245 1 0 _aRain making :
_bthe professional's guide to attracting new clients /
_cFord Harding.
260 _aHolbrook, Mass. :
_bBob Adams,
_cc1994.
300 _a287 p. :
650 0 _xMarketing.
942 _2lcc
_cGEN
999 _c9024
_d9024